000 00881nam0a2200277 4500
001 RU\NLR\bibl\1183214
005 20260406070022.0
010 _a5-7454-0889-8
_92000
021 _aRU
_b2007-88033
_94759
035 _a(NLR Aleph) 001169804
090 _a1590143
_c1590143
100 _a20080204d2007 |||y0rusy50 ca
101 0 _arus
102 _aRU
105 _ay |||||||||
200 1 _aТернистые тропы любви
_eповесть
_fЛюдмила Шторк
210 _aСанкт-Петербург
_cБиблия для всех
_d2007
215 _a175, [1] с.
_d20
686 _aШ6(2=Р)75-440.4
700 1 _4070
_8rus
_7ca
_aШторк
_bЛ. П.
_gЛюдмила П.
_3RU\NLR\auth\7715399
_9125051
801 0 _aRU
_bNLR
_c20080204
_gRCR
801 1 _aRU
_bNLR
_c20080204
942 _cBOOK
980 _aNB